书目信息 |
| 题名: |
可编程计算机控制器高级技术
|
|
| 作者: | 齐蓉主编 | |
| 分册: | ||
| 出版信息: | 西安 西北工业大学出版社 2002 |
|
| 页数: | 238页 | |
| 开本: | 26cm | |
| 丛书名: | ||
| 单 册: | ||
| 中图分类: | TM571.6 | |
| 科图分类: | ||
| 主题词: | 可编程序控制器-高等学校-教材 | |
| 电子资源: | ||
| ISBN: | 7-5612-1485-5 | |
| 000 | 00724nam0 2200229 45 | |
| 001 | 010460703284 | |
| 005 | 20070607171557.46 | |
| 010 | @a7-5612-1485-5@dCNY20.00 | |
| 100 | @a20061027d2002 ekmy0 y0120 ea | |
| 102 | @aCN@b610000 | |
| 105 | @ay z 000yy | |
| 200 | 1 | @a可编程计算机控制器高级技术@f齐蓉主编 |
| 210 | @a西安@c西北工业大学出版社@d2002 | |
| 215 | @a238页@d26cm | |
| 300 | @a高等学校教材电子信息系列 | |
| 330 | @a本书系统介绍了目前世界上最先进的可编程计算机控制器的高级编程技术、网络通信和现场总线技术、图文显示系统、运动控制技术等。 | |
| 606 | 1 | @a可编程序控制器-高等学校-教材 |
| 690 | @aTM571.6@v4 | |
| 701 | 0 | @a齐蓉主编 |
| 801 | 0 | @aCN@c20070607 |
| 905 | @dTM571.6@eQ052 | |
| 906 | @dCNY20.00@n3@r1 | |
| 可编程计算机控制器高级技术/齐蓉主编.-西安:西北工业大学出版社,2002 |
| 238页;26cm |
| 高等学校教材电子信息系列 |
| ISBN 7-5612-1485-5:CNY20.00 |
| 本书系统介绍了目前世界上最先进的可编程计算机控制器的高级编程技术、网络通信和现场总线技术、图文显示系统、运动控制技术等。 |
| ● |
| 相关链接 |
|
|
|
正题名:可编程计算机控制器高级技术
索取号:TM571.6/Q052
 
预约/预借
| 序号 | 登录号 | 条形码 | 馆藏地/架位号 | 状态 | 备注 |
| 1 | 229824 | 202298245 | 自科二线404/301自科库 9排4列5层/ [索取号:TM571.6/Q052] | 在馆 | |
| 2 | 229825 | 202298254 | 自科库301/301自科库 13排3列3层/ [索取号:TM571.6/Q052] | 在馆 | |
| 3 | 229826 | 202298263 | 自科库301/301自科库 13排3列3层/ [索取号:TM571.6/Q052] | 在馆 |